000 00392nam a22001457a 4500
999 _c7704
_d7702
005 20210322102632.0
008 210322b ||||| |||| 00| 0 eng d
082 _a346.066
100 _aAIYAR, A.N.
_96466
245 _aCOMPANY CASES THE CORPORATE LAW WEEKLY
260 _aCHENNAI
_bCOMPANY LAW INSTITUTE OF INDIA PVT.LTD
_c2015
300 _a652,i-xl,p
650 _aLAW
_95701
942 _cJRL